000 00494nam a2200169Ia 4500
005 20250423101424.0
008 250422s9999 xx 000 0 und d
020 _a9782457027
050 _aDT 515.45.Y67 .O48/
100 _aOlubunmi, A. O.
245 4 _aThe rise and fall of the yoruba race 3
260 _bThe 199 Publishing Palace
260 _c2012
300 _a136 p
650 _a Yoruba (African people)--Nigeria--History. Yoruba (African people)--History.
942 _cBK
999 _c36254
_d36254